Campeones de la Serie A (Ecuador) - Estadísticas

Estadísticas generales
  • Esta prueba ha sido intentada 105 veces
  • La puntuación promedio es 8 de 11
Estadísticas de respuestas
Año Campeón % Correcto
2020 Barcelona
99%
2023 Liga de Quito
97%
2017 Emelec
96%
2011 Deportivo Quito
94%
2021 Independiente del Valle
87%
2022 Aucas
79%
2019 Delfín
70%
2004 Deportivo Cuenca
61%
2005-C El Nacional
61%
2000 Olmedo
49%
1962 Everest
39%
No se encontraron pruebas coincidentes
Distribución de puntuación
Porcentaje de gente con cada puntuación
Porcentaje por número respondido
Historial de tus puntuaciones
No has intentado esta prueba.